أنوار توفيق الجليل في أخبار مصر وتوثيق بني إسمعيل. الجزء الأول / Anwar Tawfīq al-Jalīl fī akhbar Miṣr wa-tawthīq Banī Ismāʻīl. Al-juz' al-awwal
Main Author:
Format: Book
Language: Undetermined
Published:
Al-Qāhirah
Maṭbaʻat Būlāq
1868
Series:
Early Arabic Printed Books from the British Library
Subjects:
Tags: Add Tag
Call Number: N23 ANWA
| LEADER | 01066nam a2200193Ia 4500 | ||
|---|---|---|---|
| 008 | 240404s9999||||xx |||||||||||||| ||und|| | ||
| 050 | 4 | |a N23 ANWA | |
| 100 | 1 | |a Rāfiʻ Ṭahṭāwī. | |
| 245 | 1 | 0 | |a أنوار توفيق الجليل في أخبار مصر وتوثيق بني إسمعيل. الجزء الأول / Anwar Tawfīq al-Jalīl fī akhbar Miṣr wa-tawthīq Banī Ismāʻīl. Al-juz' al-awwal |c Rāfiʻ Ṭahṭāwī |
| 264 | 1 | |a Al-Qāhirah |b Maṭbaʻat Būlāq |c 1868 | |
| 300 | |a 553 |b illustrations |c 24 | ||
| 490 | 0 | |a Early Arabic Printed Books from the British Library | |
| 500 | |a Electronic reproduction, Andover, Hants. UK, Cengage Learning, 2015-2017, (Early Arabic Printed Books from the British Library, 1473-1900), Available via the World Wide Web, Access limited by licensing agreements | ||
| 500 | |a Reproduction of the original from The British Library Part 1. Nihāyat al-ījāz fī sīrat sākin al-Ḥijāz | ||
| 650 | 4 | |a Egypt History | |
| 650 | 4 | |a Military campaigns | |
| 650 | 4 | |a Muḥammad, Prophet, -632 | |
| 942 | |2 lcc |c BK | ||
| 999 | |c 58189 |d 58189 | ||
